00461cam a22001337a 4500008004000000082001500040100001700055245007400072260003600146300000900182650003100191999001900222952008600241180718b1977 xxu||||| |||| 00| 0 eng d aT0x47 M697 aMitra, Ashok aTerms of exchange and accumulation: the Soviet debatecby Ashok Mitra aNew DelhibOrient Longmanc1977 a39p. aU.S.S.R.- Economic history c349190d349190 00104070aIIPAbIIPAd1993-10-29oT0x47 M697p57224r2018-07-21w2018-07-21yBK